| 000 | 01191nam a2200229 i 4500 | ||
|---|---|---|---|
| 001 | 135121 | ||
| 003 | ES-MaACL | ||
| 005 | 20250406183019.0 | ||
| 007 | t| | ||
| 008 | 070710m19551956sp ac |||| |bspa d | ||
| 080 | _a821.161.1-82"18" | ||
| 100 | 1 |
_aTolstói, Lev, _d1828-1910 _9110489 |
|
| 245 | 1 | 0 |
_aObras completas / _cLeón Nikolaievich Tolstoi ; versión directa del ruso, prólogo biográfico y notas por Irene y Laura Andresco ; con un estudio grafológico del autor por Matilde Ras y 22 ilustraciones. |
| 260 |
_aMadrid : _bAguilar, _c[1955-1956] |
||
| 300 |
_a2 v. : _bil., retr. ; _c18 cm. |
||
| 505 | 8 |
_aContiene: t. 1. Teatro: ; _tEl poder de las tinieblas ; _tLos frutos de la civilización ; _tEl vagabundo ; _tEl mujik y el obrero ; _tEl cadáver viviente. Novela: ; _tInfancia, adolescencia y juventud ; _tFelicidad conyugal ; _tLos decembristas ; _tGuerra y paz ; _tResurrección - t. 2 ; _tAna Karenina ; _tLa sonata a Kreutzer ; _tHadji Murat. Cuentos. Páginas autobiográficas |
|
| 700 | 1 |
_aAndresco, Irene. _921625 |
|
| 700 | 1 |
_aAndresco, Laura. _921626 |
|
| 700 | 1 |
_aRas, Matilde, _d1881-1969 _995477 |
|
| 852 |
_aES-MaACL _jC-10663-64 |
||
| 999 |
_c135121 _d135121 |
||